000 00591nam a2200229Ia 4500
003 OSt
005 20220916110944.0
006 a|||||r|||| 00| 0
007 ta
008 220915b |||||||| |||| 00| 0 ben d
024 _a30,601
037 _cTextbook
040 _bben
_aARTS
_cARTS
041 _aben
082 _aO157,3xM3, N2.1-.4
100 _aMajumdar Ed.
245 0 _aDui shatabdir shreshtha bangla upanyas
260 _c1992
650 _aBENGALI LITERATURE
942 _hO157,3xM3, N2.1-.4
_cTB
_2CC
999 _c102208
_d102208